Teaching motor skills by means of biomechanical analysis of the motion: the physiological basis and applied information technologies; SHS Web of Conferences; Vol. 28 : Research Paradigms Transformation in Social Sciences (RPTSS 2015)
| Parent link: | SHS Web of Conferences Vol. 28 : Research Paradigms Transformation in Social Sciences (RPTSS 2015).— 2016.— [01086, 4 p.] |
|---|---|
| Egile korporatiboa: | , |
| Beste egile batzuk: | , , , |
| Gaia: | Title screen The article proves the possibility of training athletes using motor skills on the basis of biomechanical analysis of movements with application of information technologies. Motion Tracking – digital single frame shooting photography – is proposed as a method for biomechanical analysis. The relevance of this method is conditioned by the results of the study of a repulsion phase in the performing of the standing jump by athletes of different qualifications. The conclusion about the importance of an optimal model of a jump based on biomechanical analysis is given, and the formation of athletes’ skills, using information technologies and the principle of urgent information, is discussed. |
| Hizkuntza: | ingelesa |
| Argitaratua: |
2016
|
| Gaiak: | |
| Sarrera elektronikoa: | http://dx.doi.org/10.1051/shsconf/20162801086 http://earchive.tpu.ru/handle/11683/33124 |
| Formatua: | Baliabide elektronikoa Liburu kapitulua |
| KOHA link: | https://koha.lib.tpu.ru/cgi-bin/koha/opac-detail.pl?biblionumber=649625 |
MARC
| LEADER | 00000nla2a2200000 4500 | ||
|---|---|---|---|
| 001 | 649625 | ||
| 005 | 20231101134558.0 | ||
| 035 | |a (RuTPU)RU\TPU\network\14787 | ||
| 035 | |a RU\TPU\network\14786 | ||
| 090 | |a 649625 | ||
| 100 | |a 20160729a2016 k y0engy50 ba | ||
| 101 | 0 | |a eng | |
| 105 | |a y z 100zy | ||
| 135 | |a drgn ---uucaa | ||
| 181 | 0 | |a i | |
| 182 | 0 | |a b | |
| 200 | 1 | |a Teaching motor skills by means of biomechanical analysis of the motion: the physiological basis and applied information technologies |f A. V. Razuvanova [et al.] | |
| 203 | |a Text |c electronic | ||
| 300 | |a Title screen | ||
| 320 | |a [References: 14 tit.] | ||
| 330 | |a The article proves the possibility of training athletes using motor skills on the basis of biomechanical analysis of movements with application of information technologies. Motion Tracking – digital single frame shooting photography – is proposed as a method for biomechanical analysis. The relevance of this method is conditioned by the results of the study of a repulsion phase in the performing of the standing jump by athletes of different qualifications. The conclusion about the importance of an optimal model of a jump based on biomechanical analysis is given, and the formation of athletes’ skills, using information technologies and the principle of urgent information, is discussed. | ||
| 461 | 0 | |0 (RuTPU)RU\TPU\network\14324 |t SHS Web of Conferences | |
| 463 | 0 | |0 (RuTPU)RU\TPU\network\14326 |t Vol. 28 : Research Paradigms Transformation in Social Sciences (RPTSS 2015) |o International Conference, December 15-17, 2015, Tomsk, Russia |o [proceedings] |f National Research Tomsk Polytechnic University (TPU) ; eds. I. B. Ardashkin ; N. V. Martyushev |v [01086, 4 p.] |d 2016 | |
| 610 | 1 | |a электронный ресурс | |
| 610 | 1 | |a труды учёных ТПУ | |
| 610 | 1 | |a двигательные навыки | |
| 610 | 1 | |a движения | |
| 610 | 1 | |a физиологические основы | |
| 610 | 1 | |a прикладные технологии | |
| 610 | 1 | |a информационные технологии | |
| 610 | 1 | |a спортсмены | |
| 610 | 1 | |a биомеханический анализ | |
| 701 | 1 | |a Razuvanova |b A. V. |c specialist in educational and methodical work of Tomsk Polytechnic University |f 1989- |g Anna Vladimirovna |2 stltpush |3 (RuTPU)RU\TPU\pers\37076 | |
| 701 | 1 | |a Koshelskaya |b E. V. |c specialist in the field of physical culture and sports |c senior teacher Tomsk Polytechnic University, candidate of medical science |f 1982- |g Elena Vladimirovna |2 stltpush |3 (RuTPU)RU\TPU\pers\35505 | |
| 701 | 1 | |a Karpova |b I. A. |c Specialist in the field of physical training and sports |c Senior trainer-teacher of Tomsk Polytechnic University |f 1994- |g Izolda Andreevna |2 stltpush |3 (RuTPU)RU\TPU\pers\46988 | |
| 701 | 1 | |a Medvedeva |b E. V. | |
| 712 | 0 | 2 | |a Национальный исследовательский Томский политехнический университет (ТПУ) |b Институт социально-гуманитарных технологий (ИСГТ) |b Кафедра физического воспитания (ФВ) |h 2607 |2 stltpush |3 (RuTPU)RU\TPU\col\18904 |
| 712 | 0 | 2 | |a Национальный исследовательский Томский политехнический университет (ТПУ) |b Институт социально-гуманитарных технологий (ИСГТ) |b Кафедра спортивных дисциплин (СД) |h 2608 |2 stltpush |3 (RuTPU)RU\TPU\col\18985 |
| 801 | 2 | |a RU |b 63413507 |c 20211019 |g RCR | |
| 856 | 4 | |u http://dx.doi.org/10.1051/shsconf/20162801086 | |
| 856 | 4 | |u http://earchive.tpu.ru/handle/11683/33124 | |
| 942 | |c CF | ||